<?xml version="1.0" encoding="UTF-8"?>
<record
    xmlns:xsi="http://www.w3.org/2001/XMLSchema-instance"
    xsi:schemaLocation="http://www.loc.gov/MARC21/slim http://www.loc.gov/standards/marcxml/schema/MARC21slim.xsd"
    xmlns="http://www.loc.gov/MARC21/slim">

  <leader>00728nam a2200217Ia 4500</leader>
  <controlfield tag="005">20221031153311.0</controlfield>
  <controlfield tag="008">210716s1995    xx            000 0 und d</controlfield>
  <datafield tag="020" ind1=" " ind2=" ">
    <subfield code="a">8120321588</subfield>
  </datafield>
  <datafield tag="040" ind1=" " ind2=" ">
    <subfield code="c">AIMIT LIBRARY</subfield>
  </datafield>
  <datafield tag="041" ind1=" " ind2=" ">
    <subfield code="a">eng</subfield>
  </datafield>
  <datafield tag="082" ind1=" " ind2=" ">
    <subfield code="a">621.3916 </subfield>
    <subfield code="2">6</subfield>
    <subfield code="b">BREB</subfield>
  </datafield>
  <datafield tag="100" ind1=" " ind2=" ">
    <subfield code="a">Brey, Barry B.</subfield>
    <subfield code="9">60643</subfield>
  </datafield>
  <datafield tag="245" ind1=" " ind2=" ">
    <subfield code="a">Intel microprocessors : </subfield>
    <subfield code="b">8086/8088 80186 80286 80386 and 80486 architecture programming and interfacing /</subfield>
    <subfield code="c">By Barry B Brey.</subfield>
  </datafield>
  <datafield tag="250" ind1=" " ind2=" ">
    <subfield code="a">6th ed.</subfield>
  </datafield>
  <datafield tag="260" ind1=" " ind2=" ">
    <subfield code="a">New Delhi :</subfield>
    <subfield code="b">Prentice Hall of India PVt Ltd ,</subfield>
    <subfield code="c">1995.</subfield>
  </datafield>
  <datafield tag="300" ind1=" " ind2=" ">
    <subfield code="a">xv,813p. ;</subfield>
    <subfield code="c">25 cm.</subfield>
  </datafield>
  <datafield tag="650" ind1=" " ind2=" ">
    <subfield code="a">Addressing modes</subfield>
    <subfield code="9">60644</subfield>
  </datafield>
  <datafield tag="650" ind1=" " ind2=" ">
    <subfield code="a">Program control instructions</subfield>
    <subfield code="9">60645</subfield>
  </datafield>
  <datafield tag="650" ind1=" " ind2=" ">
    <subfield code="a">Interrupts</subfield>
    <subfield code="9">60646</subfield>
  </datafield>
  <datafield tag="942" ind1=" " ind2=" ">
    <subfield code="2">ddc</subfield>
    <subfield code="c">BK</subfield>
    <subfield code="e">6th</subfield>
    <subfield code="k">621.3916 BREB</subfield>
  </datafield>
  <datafield tag="999" ind1=" " ind2=" ">
    <subfield code="c">184529</subfield>
    <subfield code="d">184529</subfield>
  </datafield>
  <datafield tag="952" ind1=" " ind2=" ">
    <subfield code="0">0</subfield>
    <subfield code="1">0</subfield>
    <subfield code="4">0</subfield>
    <subfield code="7">0</subfield>
    <subfield code="8">MCA</subfield>
    <subfield code="a">AIMIT</subfield>
    <subfield code="b">AIMIT</subfield>
    <subfield code="d">2021-07-16</subfield>
    <subfield code="l">0</subfield>
    <subfield code="o">621.3916 BREB</subfield>
    <subfield code="p">MCA04037</subfield>
    <subfield code="r">2025-07-21 00:00:00</subfield>
    <subfield code="w">2021-07-16</subfield>
    <subfield code="y">BK</subfield>
  </datafield>
  <datafield tag="952" ind1=" " ind2=" ">
    <subfield code="0">0</subfield>
    <subfield code="1">0</subfield>
    <subfield code="2">ddc</subfield>
    <subfield code="4">0</subfield>
    <subfield code="7">0</subfield>
    <subfield code="8">MCA</subfield>
    <subfield code="a">AIMIT</subfield>
    <subfield code="b">AIMIT</subfield>
    <subfield code="e">Sita Book House</subfield>
    <subfield code="g">350.00</subfield>
    <subfield code="i">Bill no:5128; Bill dt:2003-05-06</subfield>
    <subfield code="l">0</subfield>
    <subfield code="o">621.3916 BREB</subfield>
    <subfield code="p">MCA05080</subfield>
    <subfield code="r">2025-07-21 00:00:00</subfield>
    <subfield code="v">297.50</subfield>
    <subfield code="w">2021-07-16</subfield>
    <subfield code="y">BK</subfield>
  </datafield>
  <datafield tag="952" ind1=" " ind2=" ">
    <subfield code="0">0</subfield>
    <subfield code="1">0</subfield>
    <subfield code="2">ddc</subfield>
    <subfield code="4">0</subfield>
    <subfield code="7">0</subfield>
    <subfield code="8">MCA</subfield>
    <subfield code="a">AIMIT</subfield>
    <subfield code="b">AIMIT</subfield>
    <subfield code="e">Sita Book House</subfield>
    <subfield code="g">350.00</subfield>
    <subfield code="i">Bill no:5128; Bill dt:2003-05-06</subfield>
    <subfield code="l">0</subfield>
    <subfield code="o">621.3916 BREB</subfield>
    <subfield code="p">MCA05081</subfield>
    <subfield code="r">2025-07-21 00:00:00</subfield>
    <subfield code="v">297.50</subfield>
    <subfield code="w">2021-07-16</subfield>
    <subfield code="y">BK</subfield>
  </datafield>
  <datafield tag="952" ind1=" " ind2=" ">
    <subfield code="0">0</subfield>
    <subfield code="1">0</subfield>
    <subfield code="2">ddc</subfield>
    <subfield code="4">0</subfield>
    <subfield code="7">0</subfield>
    <subfield code="8">MCA</subfield>
    <subfield code="a">AIMIT</subfield>
    <subfield code="b">AIMIT</subfield>
    <subfield code="e">Sita Book House</subfield>
    <subfield code="g">350.00</subfield>
    <subfield code="i">Bill no:5128; Bill dt:2003-05-06</subfield>
    <subfield code="l">0</subfield>
    <subfield code="o">621.3916 BREB</subfield>
    <subfield code="p">MCA05082</subfield>
    <subfield code="r">2025-07-21 00:00:00</subfield>
    <subfield code="v">297.50</subfield>
    <subfield code="w">2021-07-16</subfield>
    <subfield code="y">BK</subfield>
  </datafield>
  <datafield tag="952" ind1=" " ind2=" ">
    <subfield code="0">0</subfield>
    <subfield code="1">0</subfield>
    <subfield code="2">ddc</subfield>
    <subfield code="4">0</subfield>
    <subfield code="7">0</subfield>
    <subfield code="8">MCA</subfield>
    <subfield code="a">AIMIT</subfield>
    <subfield code="b">AIMIT</subfield>
    <subfield code="e">Sita Book House</subfield>
    <subfield code="g">350.00</subfield>
    <subfield code="i">Bill no:5128; Bill dt:2003-05-06</subfield>
    <subfield code="l">0</subfield>
    <subfield code="o">621.3916 BREB</subfield>
    <subfield code="p">MCA05083</subfield>
    <subfield code="r">2025-07-21 00:00:00</subfield>
    <subfield code="v">297.50</subfield>
    <subfield code="w">2021-07-16</subfield>
    <subfield code="y">BK</subfield>
  </datafield>
  <datafield tag="952" ind1=" " ind2=" ">
    <subfield code="0">0</subfield>
    <subfield code="1">0</subfield>
    <subfield code="2">ddc</subfield>
    <subfield code="4">0</subfield>
    <subfield code="7">0</subfield>
    <subfield code="8">MCA</subfield>
    <subfield code="a">AIMIT</subfield>
    <subfield code="b">AIMIT</subfield>
    <subfield code="e">Sita Book House</subfield>
    <subfield code="g">350.00</subfield>
    <subfield code="i">Bill no:5128; Bill dt:2003-05-06</subfield>
    <subfield code="l">0</subfield>
    <subfield code="o">621.3916 BREB</subfield>
    <subfield code="p">MCA05084</subfield>
    <subfield code="r">2025-07-21 00:00:00</subfield>
    <subfield code="v">297.50</subfield>
    <subfield code="w">2021-07-16</subfield>
    <subfield code="y">BK</subfield>
  </datafield>
  <datafield tag="952" ind1=" " ind2=" ">
    <subfield code="0">0</subfield>
    <subfield code="1">0</subfield>
    <subfield code="2">ddc</subfield>
    <subfield code="4">0</subfield>
    <subfield code="7">0</subfield>
    <subfield code="8">MCA</subfield>
    <subfield code="a">AIMIT</subfield>
    <subfield code="b">AIMIT</subfield>
    <subfield code="e">Sita Book House</subfield>
    <subfield code="g">350.00</subfield>
    <subfield code="i">Bill no:5128; Bill dt:2003-05-06</subfield>
    <subfield code="l">0</subfield>
    <subfield code="o">621.3916 BREB</subfield>
    <subfield code="p">MCA05085</subfield>
    <subfield code="r">2025-07-21 00:00:00</subfield>
    <subfield code="v">297.50</subfield>
    <subfield code="w">2021-07-16</subfield>
    <subfield code="y">BK</subfield>
  </datafield>
  <datafield tag="952" ind1=" " ind2=" ">
    <subfield code="0">0</subfield>
    <subfield code="1">0</subfield>
    <subfield code="2">ddc</subfield>
    <subfield code="4">0</subfield>
    <subfield code="7">3</subfield>
    <subfield code="8">MCA</subfield>
    <subfield code="a">AIMIT</subfield>
    <subfield code="b">AIMIT</subfield>
    <subfield code="e">Sita Book House</subfield>
    <subfield code="g">350.00</subfield>
    <subfield code="i">Bill no:5128; Bill dt:2003-05-06</subfield>
    <subfield code="l">0</subfield>
    <subfield code="o">621.3916 BREB</subfield>
    <subfield code="p">MCA05086</subfield>
    <subfield code="r">2025-07-21 00:00:00</subfield>
    <subfield code="v">297.50</subfield>
    <subfield code="w">2021-07-16</subfield>
    <subfield code="y">BK</subfield>
  </datafield>
  <datafield tag="952" ind1=" " ind2=" ">
    <subfield code="0">0</subfield>
    <subfield code="1">0</subfield>
    <subfield code="2">ddc</subfield>
    <subfield code="4">0</subfield>
    <subfield code="7">0</subfield>
    <subfield code="8">MCA</subfield>
    <subfield code="a">AIMIT</subfield>
    <subfield code="b">AIMIT</subfield>
    <subfield code="e">Sita Book House</subfield>
    <subfield code="g">350.00</subfield>
    <subfield code="i">Bill no:5128; Bill dt:2003-05-06</subfield>
    <subfield code="l">1</subfield>
    <subfield code="o">621.3916 BREB</subfield>
    <subfield code="p">MCA05087</subfield>
    <subfield code="r">2025-07-21 00:00:00</subfield>
    <subfield code="s">2022-03-18</subfield>
    <subfield code="v">297.50</subfield>
    <subfield code="w">2021-07-16</subfield>
    <subfield code="y">BK</subfield>
  </datafield>
  <datafield tag="952" ind1=" " ind2=" ">
    <subfield code="0">0</subfield>
    <subfield code="1">0</subfield>
    <subfield code="2">ddc</subfield>
    <subfield code="4">0</subfield>
    <subfield code="7">0</subfield>
    <subfield code="8">MCA</subfield>
    <subfield code="a">AIMIT</subfield>
    <subfield code="b">AIMIT</subfield>
    <subfield code="e">Intel Book Distributors</subfield>
    <subfield code="g">350.00</subfield>
    <subfield code="i">Bill no:8681; Bill dt:2004-02-02</subfield>
    <subfield code="l">0</subfield>
    <subfield code="o">621.3916 BREB</subfield>
    <subfield code="p">MCA05618</subfield>
    <subfield code="r">2025-07-21 00:00:00</subfield>
    <subfield code="v">280.00</subfield>
    <subfield code="w">2021-07-16</subfield>
    <subfield code="y">BK</subfield>
  </datafield>
</record>
